Marketing v bankovníctve a poisťovníctve
Recenzia publikácie A. Korauša Marketing v bankovníctve a poisťovníctve, ktorá vyšla vo vydavateľstve Sprint vfra. Kniha je určená študentom ekonomického zamerania ako aj pracovníkom bánk a poisťovní, ktorí sa zaoberajú aplikáciou marketingu na problematiku bánk a poisťovní.
Gespeichert in:
| 1. Verfasser: | |
|---|---|
| Format: | Buchkapitel |
| Sprache: | Slowakisch |
| Schlagworte: | |
| Tags: |
Keine Tags, Fügen Sie das erste Tag hinzu!
|
MARC
| LEADER | 00000naa a2200000 4500 | ||
|---|---|---|---|
| 001 | r038488 | ||
| 005 | 20240502071334.3 | ||
| 041 | 0 | |a slo | |
| 044 | |a SK | ||
| 245 | 1 | 0 | |a Marketing v bankovníctve a poisťovníctve |c Erika Bozsnyáková |
| 520 | |a Recenzia publikácie A. Korauša Marketing v bankovníctve a poisťovníctve, ktorá vyšla vo vydavateľstve Sprint vfra. Kniha je určená študentom ekonomického zamerania ako aj pracovníkom bánk a poisťovní, ktorí sa zaoberajú aplikáciou marketingu na problematiku bánk a poisťovní. | ||
| 610 | 2 | 0 | |a marketing |
| 610 | 2 | 0 | |a poisťovníctvo |
| 610 | 2 | 0 | |a bankovníctvo |
| 610 | 2 | 0 | |a recenzie |
| 100 | 1 | |a Bozsnyáková, Erika, 1972- | |